1262 1446 1613 1712 1297 1624 1789 1935 1513 1312 1808 1923 1217 1327 1663 1423 1943 1454 1429 1139 1710 1732 1730 1727 1272 1780 1838 1776 1131 1550 1412 1720 1843 1911 1340 1997 1813 1549 1394 1785 1314 1747 1267 1207 1626 1193 1730 1393 1087 1843 1353 1478 1568 1708 1303 1629 1057 1769 1898 1724 1733 1562 1830 1035 1258 1345 1718 1777 1851 1248 1977 1771 1251 1359 1515 1673 1999 1711 1190 1746 1625 1058 1915 1629 1320 1920 1753 1331 1229 1153 1772 1993 1061 1599 1449 1700 1435 1416 1594 BCNSPRNW ULIB Ver.6.0+V

เปลี่ยนเป็นภาษาไทย

Change to English
 แสดงรายละเอียดบรรณานุกรม
  กลับหน้าหลัก

Brief Record : Get Marc (ISO 2709) : E-mail record : QR code < ปิดหน้าต่าง
LEADER : 00000nam 2200000uu 4500
001    13399121119
003     ULIB
008    121106s2555||||th 000 0 tha d
020    ^a9786169129004
060 0   ^aWJ300 ^bน672
245 0   ^aNephrology board review 2012 / ^cบรรณาธิการ, พงศธร คชเสนี ... [และคนอื่นๆ]
250    ^aพิมพ์ครั้งที่ 1.
260    ^aกรุงเทพฯ : ^bเท็กซ์ แอนด์ เจอร์นัล พับลิเคชั่น, ^c2555.
300    ^av, 360 หน้า : ^bภาพประกอบ ; ^c26 ซม.
500    ^aหนังสือประกอบการประชุมวิชาการประจำปี 2555 Short Course in Nephrology เรื่อง Nephrology board review course 2012 ระหว่างวันที่ 7-8 กรกฎาคม 2555จัดโดย สมาคมโรคไตแห่งประเทศไทย
504    ^aดรรชนีและบรรณานุกรม
650  7  ^aไต ^xโรค ^xการวินิจฉัย.
650  7  ^aไต ^xโรค ^xการรักษา.
658    ^aNG2 -- 3 เล่ม.
700 0   ^aพงศธร คชเสนี.
710 2   ^aสมาคมโรคไตแห่งประเทศไทย.
945    ^p400^l0^i032942
995    เกษร
999    ^aใช้งานได้ทุกระบบ
รายการนี้ยังไม่มีแท็ก
คุณยังไม่ได้ล็อกอิน คุณสามารถมีกิจกรรมร่วมกับเว็บไซต์ได้ แต่ต้องล็อกอินก่อน ::
  ล็อกอิน

รายการสื่อสารสนเทศ

ลำดับที่ ประเภท เลขเรียก/บาร์โค้ด สถานที่ สถานะ
1. วิทยาศาสตร์การแพทย์ และสุขภาพ
หนังสือสำรอง
สถานะ=หนังสือสำรอง
WJ300 น672 ฉ.1 
  Barcode: 032942
ห้องสมุดวิทยาเขตสวรรค์ประชารักษ์
►ส่วนจัดเก็บหนังสือเก่า สปร
บนชั้น
  ขอยืม

BibComment


ยังไม่เคยถูกคอมเมนท์

คอมเมนท์ทรัพยากรรายการนี้
  คอมเมนท์: Nephrology boar..


 Copyright 2026. Bcnsprnw @Library